[Event "10th EUR-ch (w)"]
[Site "Sankt Petersburg RUS"]
[Date "2009.03.09"]
[Round "2"]
[White "Akatova, Ekaterina"]
[Black "Zykova, Antonina"]
[Result "1/2-1/2"]
[WhiteElo "2261"]
[BlackElo "2103"]
[EventDate "2009.03.08"]
[PlyCount "115"]

1.e4 e6 2.d4 d5 3.Nc3 Bb4 4.Bd3 Ne7 5.Nf3 b6 6.O-O Ba6 7.Bxa6 Nxa6 8.exd5 
exd5 9.Qe2 Nb8 10.Qb5+ Nbc6 11.Re1 Qd7 12.Ne5 Nxe5 13.Qxb4 N5c6 14.Qa4 O-O
15.Bf4 Nf5 16.Ne2 Rad8 17.Rad1 Rfe8 18.c3 Re4 19.f3 Re7 20.Nc1 Rde8 21.
Rxe7 Rxe7 22.Nd3 f6 23.Re1 Rxe1+ 24.Nxe1 g5 25.Bd2 Qe6 26.Kf2 a5 27.Nc2 h5
28.Qb5 Kf7 29.Qd3 Nce7 30.b3 Qd6 31.Kg1 Kg7 32.Qe2 Ng6 33.Bc1 h4 34.Qe8 h3
35.gxh3 Nfh4 36.Ne1 c5 37.Qe2 Qd7 38.Qf1 Qf5 39.Be3 cxd4 40.cxd4 Nf4 41.
Bxf4 Qxf4 42.Qd3 Nf5 43.Nc2 Nh4 44.Qe3 Nxf3+ 45.Kf2 Qxh2+ 46.Kxf3 Qxc2 47.
Qe7+ Kg6 48.Qe8+ Kg7 49.Qd7+ Kg6 50.Qe8+ Kg7 51.Qd7+ Kh6 52.Qxd5 Qd1+ 53.
Kf2 Qd2+ 54.Kg3 Qe3+ 55.Kg2 Qe2+ 56.Kg3 Qe1+ 57.Kg2 Qd2+ 58.Kg3 1/2-1/2

[Event "10th EUR-ch (w)"]
[Site "Sankt Petersburg RUS"]
[Date "2009.03.09"]
[Round "2"]
[White "Fakhiridou, Ekaterini"]
[Black "Samigullina, Diana"]
[Result "1-0"]
[WhiteElo "2257"]
[BlackElo "2084"]
[EventDate "2009.03.08"]
[PlyCount "55"]

1.e4 c6 2.d4 d5 3.Nc3 dxe4 4.Nxe4 Bf5 5.Ng3 Bg6 6.N1e2 e6 7.Nf4 Bd6 8.c3 
Nf6 9.h4 Bxf4 10.Bxf4 h6 11.h5 Bh7 12.Qb3 Qb6 13.Qa3 Nbd7 14.Bd6 Bc2 15.
Be2 a6 16.O-O g5 17.Rac1 Bh7 18.Rfe1 O-O-O 19.c4 Qxd4 20.c5 Nd5 21.Qxa6 
Nb8 22.Qa3 Qb4 23.Qa7 Nc7 24.b3 Rd7 25.Bc4 Re8 26.Red1 Nca6 27.a3 Qxa3 28.
Bxa6 1-0

[Event "10th EUR-ch (w)"]
[Site "Sankt Petersburg RUS"]
[Date "2009.03.09"]
[Round "2"]
[White "Malinicheva, Lidia"]
[Black "Arabidze, Meri"]
[Result "0-1"]
[WhiteElo "2068"]
[BlackElo "2246"]
[EventDate "2009.03.08"]
[PlyCount "84"]

1.e4 c6 2.Nc3 d5 3.Nf3 Bg4 4.h3 Bh5 5.d4 dxe4 6.Nxe4 Bxf3 7.gxf3 Qc7 8.Bc4
e6 9.Be3 Nd7 10.Bb3 Ngf6 11.Qe2 g6 12.Qd2 O-O-O 13.O-O-O Nd5 14.Bg5 Re8 
15.c4 Nb4 16.Kb1 Na6 17.Bf4 Qb6 18.c5 Qd8 19.Rhe1 Nc7 20.Bd6 Nd5 21.Bxf8 
Rexf8 22.Nd6+ Kb8 23.Bxd5 cxd5 24.Re3 Ka8 25.Rb3 b6 26.Rc1 bxc5 27.Nb7 Qc7
28.Nxc5 Nxc5 29.Rxc5 Qd7 30.Qa5 Rc8 31.Rbc3 Rxc5 32.Rxc5 Rc8 33.b4 Qb7 34.
b5 Kb8 35.a4 f6 36.Qb4 Qd7 37.Kb2 e5 38.Qb3 exd4 39.Rxd5 Qc7 40.Qd1 Qc3+ 
41.Kb1 Qb4+ 42.Ka2 Rc3 0-1

[Event "10th EUR-ch (w)"]
[Site "Sankt Petersburg RUS"]
[Date "2009.03.09"]
[Round "2"]
[White "Mamedyarova, Turkan"]
[Black "Abdulla, Khayala"]
[Result "0-1"]
[WhiteElo "2245"]
[BlackElo "2070"]
[EventDate "2009.03.08"]
[PlyCount "88"]

1.Nf3 Nf6 2.g3 b6 3.Bg2 Bb7 4.O-O c5 5.d3 e6 6.e4 d6 7.b3 Be7 8.Bb2 O-O 9.
Nbd2 Nbd7 10.Re1 Qc7 11.d4 cxd4 12.Nxd4 Rac8 13.c4 a6 14.Qe2 Rfe8 15.h3 
Bf8 16.Rad1 g6 17.Nb1 Bg7 18.Bc1 d5 19.cxd5 exd5 20.Bf4 Qc5 21.e5 Nh5 22.
Nf3 Nxf4 23.gxf4 Nf6 24.Qe3 Nh5 25.Nd4 Bh6 26.Ne2 Qe7 27.Qd4 Qh4 28.Qxb6 
Ba8 29.Qxa6 Bxf4 30.e6 fxe6 31.Nd4 e5 32.Nb5 d4 33.Bxa8 Rxa8 34.Qc6 Qxh3 
35.Qg2 Qxg2+ 36.Kxg2 Rxa2 37.Nxd4 Rd8 38.Nc6 Rxd1 39.Rxd1 Nf6 40.Re1 Ng4 
41.Kf3 h5 42.b4 Rc2 43.b5 Rc5 44.Na3 Rc3+ 0-1

[Event "10th EUR-ch (w)"]
[Site "Sankt Petersburg RUS"]
[Date "2009.03.09"]
[Round "2"]
[White "Huda, Maryana"]
[Black "Khropova, Larisa"]
[Result "1-0"]
[WhiteElo "2240"]
[BlackElo "2060"]
[EventDate "2009.03.08"]
[PlyCount "83"]

1.d4 e6 2.c4 Nf6 3.Nc3 Bb4 4.Qc2 Nc6 5.Nf3 b6 6.a3 Bxc3+ 7.Qxc3 O-O 8.b4 
Ne4 9.Qc2 f5 10.Bb2 Bb7 11.Rc1 Ne7 12.e3 a5 13.b5 Kh8 14.Bd3 d6 15.O-O Ng6
16.Ne1 Qe7 17.c5 Nf6 18.c6 Bc8 19.Nf3 Ng4 20.e4 fxe4 21.Bxe4 Nh4 22.h3 
Nxf3+ 23.Bxf3 Nh6 24.Be4 Nf5 25.g4 Nh4 26.f4 Ng6 27.Bxg6 hxg6 28.Qxg6 e5 
29.dxe5 dxe5 30.Qh5+ Kg8 31.Qxe5 Re8 32.Rfe1 Qxe5 33.Bxe5 Re7 34.f5 Kf7 
35.Bg3 Rxe1+ 36.Rxe1 a4 37.Bxc7 Ra5 38.Re5 Ba6 39.bxa6 Rxa6 40.Rb5 g6 41.
fxg6+ Kxg6 42.Bxb6 1-0

[Event "10th EUR-ch (w)"]
[Site "Sankt Petersburg RUS"]
[Date "2009.03.09"]
[Round "2"]
[White "Lomakina, Galia"]
[Black "Kostiukova, Liubov"]
[Result "0-1"]
[WhiteElo "2058"]
[BlackElo "2235"]
[EventDate "2009.03.08"]
[PlyCount "92"]

1.Nf3 Nf6 2.g3 g6 3.Bg2 Bg7 4.O-O O-O 5.d3 d6 6.c4 Nc6 7.Nc3 e5 8.Rb1 h6 
9.b4 Be6 10.b5 Ne7 11.Ba3 a6 12.Qb3 axb5 13.Nxb5 Qd7 14.Rfd1 Ne8 15.d4 c6 
16.Nc3 exd4 17.Nxd4 Bxc4 18.Qxb7 Qxb7 19.Rxb7 Rxa3 20.Nb1 Rxa2 21.Rxe7 c5 
22.Nd2 Bf6 23.Nc6 Be6 24.Rb7 d5 25.Nb3 Nd6 26.Rb6 Nc8 27.Rb7 c4 28.Nc1 Ra1
29.Nb4 Nd6 30.Rb6 Nc8 31.Rb7 Ne7 32.Nc2 Ra5 33.e3 Nc6 34.Ne2 Bf5 35.Ncd4 
Nxd4 36.exd4 Bg4 37.f3 Bf5 38.Nc3 Bd3 39.Nb5 Rfa8 40.f4 Ra1 41.Rxa1 Rxa1+ 
42.Kf2 Ra2+ 43.Kg1 c3 44.Bxd5 Ra1+ 45.Kg2 c2 46.Rc7 c1=Q 0-1

[Event "10th EUR-ch (w)"]
[Site "Sankt Petersburg RUS"]
[Date "2009.03.09"]
[Round "2"]
[White "Nikanova, Ekaterina"]
[Black "Shaidullina, Sandugach"]
[Result "1/2-1/2"]
[WhiteElo "2049"]
[BlackElo "2232"]
[EventDate "2009.03.08"]
[PlyCount "119"]

1.e4 c5 2.Nf3 Nc6 3.d4 cxd4 4.Nxd4 Nf6 5.Nc3 d6 6.Nb3 e6 7.Be2 Be7 8.Be3 
O-O 9.O-O e5 10.Bc4 Be6 11.Qe2 Rc8 12.Bxe6 fxe6 13.Rfd1 Qe8 14.f3 b6 15.a4
Qf7 16.Bg5 Rfd8 17.Bxf6 Bxf6 18.a5 bxa5 19.Nxa5 Nd4 20.Qd3 d5 21.exd5 exd5
22.Re1 Rd7 23.Rac1 Qg6 24.Qxg6 hxg6 25.Nb3 Bg5 26.Rcd1 Nxb3 27.cxb3 d4 28.
Ne4 Be3+ 29.Kf1 Rdc7 30.Nd6 Rb8 31.Rd3 Rc2 32.Re2 Rc1+ 33.Re1 Rc5 34.Nc4 
e4 35.fxe4 Rf8+ 36.Ke2 Rf2+ 37.Kd1 Rxg2 38.Nxe3 dxe3 39.Rdxe3 Rxh2 40.Rc3 
Ra5 41.Re2 Rxe2 42.Kxe2 Ra2 43.Rc2 Kf7 44.Ke3 Ra1 45.Kd4 Kf6 46.Rc6+ Kg5 
47.Rc7 Rd1+ 48.Ke5 a5 49.Rxg7 Rd2 50.Ra7 Rxb2 51.Rxa5 Rxb3 52.Kd6+ Kf4 53.
e5 Rb6+ 54.Kd7 Kf5 55.e6+ Kf6 56.Ra2 Rb7+ 57.Kd6 Rb6+ 58.Kd7 Rb7+ 59.Kd6 
Rb6+ 60.Kd7 1/2-1/2

[Event "10th EUR-ch (w)"]
[Site "Sankt Petersburg RUS"]
[Date "2009.03.09"]
[Round "2"]
[White "Tsatsalashvili, Keti"]
[Black "Ikonomopoulou, Maria"]
[Result "1-0"]
[WhiteElo "2231"]
[BlackElo "2052"]
[EventDate "2009.03.08"]
[PlyCount "77"]

1.d4 Nf6 2.c4 e6 3.g3 d5 4.Bg2 c6 5.Nf3 Bd6 6.Qc2 Nbd7 7.O-O O-O 8.Nbd2 
Re8 9.Re1 e5 10.dxe5 Nxe5 11.Nxe5 Rxe5 12.Nf3 Rh5 13.cxd5 cxd5 14.Bg5 h6 
15.Bxf6 Qxf6 16.Qa4 Qe7 17.Rac1 Bd7 18.Qd4 b6 19.a3 Bc5 20.Qd2 a5 21.e3 
Re8 22.Nd4 a4 23.f4 g5 24.Qd1 g4 25.Kh1 Qf6 26.Qd2 Bf5 27.Nxf5 Rxf5 28.
Rcd1 d4 29.e4 Rh5 30.e5 Qe6 31.Qc2 Qd7 32.Qe4 Kg7 33.Qc6 Qd8 34.Rd3 Qe7 
35.Qxa4 Kf8 36.b4 Bd6 37.Rxd4 f6 38.Rxd6 fxe5 39.Qd7 1-0

[Event "10th EUR-ch (w)"]
[Site "Sankt Petersburg RUS"]
[Date "2009.03.09"]
[Round "2"]
[White "Balaian, Alina"]
[Black "Ambartsumova, Karina"]
[Result "1-0"]
[WhiteElo "2037"]
[BlackElo "2227"]
[EventDate "2009.03.08"]
[PlyCount "67"]

1.e4 c5 2.Nc3 e6 3.Nge2 d5 4.exd5 exd5 5.d4 c4 6.g3 Bb4 7.Bg2 Ne7 8.O-O 
O-O 9.Nf4 Bxc3 10.bxc3 Qa5 11.a4 Nbc6 12.Ba3 Bf5 13.Re1 Rfe8 14.Qe2 h6 15.
Qd2 Rad8 16.Re3 Ng6 17.Bb4 Nxb4 18.cxb4 Qc7 19.Nxd5 Qd7 20.Rxe8+ Rxe8 21.
Ne3 Bh3 22.Bxh3 Qxh3 23.Qe2 Re4 24.c3 h5 25.Qf3 Qe6 26.d5 Qe5 27.d6 Qxc3 
28.Qxe4 Qxa1+ 29.Kg2 Qxa4 30.Qxb7 Ne5 31.Qc8+ Kh7 32.Qf5+ Ng6 33.d7 Qc6+ 
34.Qd5 1-0

[Event "10th EUR-ch (w)"]
[Site "Sankt Petersburg RUS"]
[Date "2009.03.09"]
[Round "2"]
[White "Umudova, Nargiz"]
[Black "Abuladze, Lana"]
[Result "1-0"]
[WhiteElo "2227"]
[BlackElo "2029"]
[EventDate "2009.03.08"]
[PlyCount "59"]

1.e4 e5 2.Nf3 Nc6 3.Bb5 a6 4.Ba4 Nf6 5.O-O Be7 6.Re1 b5 7.Bb3 O-O 8.h3 Bb7
9.d3 d6 10.a3 Na5 11.Ba2 c5 12.Nbd2 Nd7 13.Nf1 Nb6 14.Ne3 Bc8 15.b4 Nc6 
16.bxc5 dxc5 17.Bd5 Nxd5 18.exd5 Nd4 19.Nxe5 Bf6 20.f4 Qd6 21.c3 Nf5 22.
Nxf5 Bxf5 23.c4 Bh4 24.Re3 f6 25.Nc6 Rae8 26.Qh5 Qxf4 27.Rxe8 Qf2+ 28.Kh1 
Qf1+ 29.Kh2 Bf2 30.Ne7+ 1-0

[Event "10th EUR-ch (w)"]
[Site "Sankt Petersburg RUS"]
[Date "2009.03.09"]
[Round "2"]
[White "Bakalarz, Grazyna"]
[Black "Eidelson, Rakhil"]
[Result "0-1"]
[WhiteElo "2024"]
[BlackElo "2225"]
[EventDate "2009.03.08"]
[PlyCount "48"]

1.d4 Nf6 2.Bf4 d6 3.e3 Nbd7 4.Nf3 g6 5.h3 Bg7 6.Be2 O-O 7.O-O b6 8.c4 Bb7 
9.Nc3 Re8 10.Bh2 e5 11.b4 Ne4 12.Nxe4 Bxe4 13.Rc1 a5 14.a3 axb4 15.axb4 
Qe7 16.dxe5 dxe5 17.Qb3 Ra7 18.Nd2 Bc6 19.Ra1 Rea8 20.Rxa7 Rxa7 21.Bg4 h5 
22.Bxd7 Qxd7 23.Rd1 Ba4 24.Qa2 Bxd1 0-1

[Event "10th EUR-ch (w)"]
[Site "Sankt Petersburg RUS"]
[Date "2009.03.09"]
[Round "2"]
[White "Ivakhinova, Inna"]
[Black "Ziaziulkina, Nastassia"]
[Result "1/2-1/2"]
[WhiteElo "2225"]
[BlackElo "1950"]
[EventDate "2009.03.08"]
[PlyCount "85"]

1.e4 c5 2.Nf3 d6 3.d4 cxd4 4.Nxd4 Nf6 5.Nc3 a6 6.Bg5 e6 7.f4 Qb6 8.Qd2 Nc6
9.O-O-O Qxd4 10.Qxd4 Nxd4 11.Rxd4 Be7 12.Be2 Bd7 13.Bxf6 gxf6 14.f5 Rg8 
15.g3 Rc8 16.Re1 Kf8 17.Bf3 Rc7 18.Kd2 Kg7 19.Bd1 Rgc8 20.Rf1 Rc6 21.Rd3 
Bd8 22.Ne2 Ba5+ 23.c3 e5 24.Bb3 b5 25.a3 Bb6 26.g4 Bc5 27.Ng3 Kf8 28.h4 
Ke7 29.Ke2 Rg8 30.Kf3 Rc7 31.Rfd1 a5 32.Nf1 Bc6 33.Bd5 Bxd5 34.Rxd5 b4 35.
axb4 axb4 36.cxb4 Bxb4 37.Ne3 Bc5 38.R5d3 Bxe3 39.Rxe3 Rb7 40.b3 h6 41.
Rdd3 Ra8 42.Ke2 Ra2+ 43.Rd2 1/2-1/2

[Event "10th EUR-ch (w)"]
[Site "Sankt Petersburg RUS"]
[Date "2009.03.09"]
[Round "2"]
[White "Goriachkina, Alexandra"]
[Black "Lelekova, Olga"]
[Result "0-1"]
[WhiteElo "2020"]
[BlackElo "2222"]
[EventDate "2009.03.08"]
[PlyCount "114"]

1.f4 d6 2.Nf3 c5 3.e4 Nc6 4.g3 e5 5.d3 g6 6.Bg2 Bg7 7.Nc3 Nge7 8.O-O O-O 
9.Be3 Nd4 10.Qd2 f5 11.fxe5 dxe5 12.Bh6 Nxf3+ 13.Bxf3 f4 14.Bxg7 Kxg7 15.
gxf4 Rxf4 16.Ne2 Rf7 17.Qg5 Qd6 18.Bg2 Be6 19.Rxf7+ Bxf7 20.Rf1 h6 21.Qe3 
Nc6 22.Nc3 Nd4 23.Qd2 b5 24.Nd5 Bxd5 25.exd5 Rd8 26.Be4 b4 27.c3 Nb5 28.
Rf2 Qb6 29.Rg2 Rd6 30.Kh1 Rf6 31.Qe1 bxc3 32.bxc3 Nd6 33.h4 c4 34.dxc4 
Nxc4 35.Qg1 Qxg1+ 36.Kxg1 Nd6 37.Bd3 e4 38.Be2 Nf5 39.c4 Nxh4 40.Rg4 Nf3+ 
41.Bxf3 exf3 42.c5 Kf7 43.Re4 Rf5 44.Rd4 Ke7 45.d6+ Kd8 46.c6 Rc5 47.c7+ 
Kd7 48.Kf2 Rc3 49.Rd2 g5 50.Kg3 h5 51.Kf2 g4 52.Kg3 Rc4 53.Kh4 Rf4 54.Kg3 
Rf8 55.Kf2 h4 56.Rb2 g3+ 57.Kf1 f2 0-1

[Event "10th EUR-ch (w)"]
[Site "Sankt Petersburg RUS"]
[Date "2009.03.09"]
[Round "2"]
[White "Kluchik, Yulia"]
[Black "Bogumil, Tatiana"]
[Result "0-1"]
[WhiteElo "1953"]
[BlackElo "2218"]
[EventDate "2009.03.08"]
[PlyCount "62"]

1.d4 Nf6 2.c4 g6 3.Nc3 Bg7 4.e4 d6 5.Bd3 Nc6 6.Nf3 Bg4 7.Be3 O-O 8.Qd2 
Bxf3 9.gxf3 e5 10.d5 Nd4 11.Be2 c5 12.f4 exf4 13.Bxf4 Re8 14.f3 Nh5 15.Bg5
f6 16.Be3 f5 17.O-O-O Qa5 18.Rhg1 f4 19.Bf2 Nxe2+ 20.Nxe2 Qxa2 21.Qc2 b5 
22.cxb5 Rab8 23.Nc3 Qc4 24.Be1 a6 25.bxa6 Qxa6 26.Kd2 Bd4 27.Bf2 Bxf2 28.
Rg2 Bd4 29.Re1 Be5 30.Reg1 Kf7 31.Qc1 Rb7 0-1

[Event "10th EUR-ch (w)"]
[Site "Sankt Petersburg RUS"]
[Date "2009.03.09"]
[Round "2"]
[White "Bezgodova, Svetlana"]
[Black "Lezhepekova, Veronika"]
[Result "0-1"]
[WhiteElo "2214"]
[BlackElo "1917"]
[EventDate "2009.03.08"]
[PlyCount "134"]

1.Nf3 c5 2.c4 Nc6 3.d4 cxd4 4.Nxd4 Nf6 5.Nc3 g6 6.e4 Bg7 7.Be3 d6 8.Be2 
Bd7 9.Rc1 Rc8 10.b3 Qa5 11.O-O O-O 12.f4 Nxd4 13.Bxd4 Bc6 14.Bf3 Nd7 15.
Bxg7 Kxg7 16.e5 dxe5 17.Bxc6 Qc5+ 18.Kh1 Qxc6 19.Nd5 Qd6 20.Qf3 exf4 21.
Nxf4 Qc6 22.Nd5 Rce8 23.Rce1 e5 24.Qe3 Qc5 25.Qh3 Re6 26.Re4 h6 27.Rh4 Rh8
28.Qf3 Rf8 29.Rd1 Nf6 30.b4 Qc8 31.Ne3 Qc6 32.Qg3 Kh7 33.Qh3 Ng8 34.Nd5 
Qa4 35.Rd2 Kg7 36.Qc3 Qc6 37.Re4 f6 38.Re1 Rd6 39.Rc2 Rfd8 40.Qg3 Qd7 41.
Qf2 b6 42.Rf1 Rf8 43.h3 Ne7 44.Ne3 Rd4 45.Qg3 Rd3 46.Qe1 Qd4 47.Re2 Rd8 
48.Qf2 f5 49.Qe1 Rd2 50.Nc2 Rxe2 51.Qxe2 Qd6 52.Re1 e4 53.Ne3 Qd2 54.Qf1 
Rd3 55.Nd1 Qxb4 56.Nf2 Rd4 57.Rc1 Nc6 58.c5 bxc5 59.Rb1 Qc4 60.Rb7+ Kf6 
61.Qe1 Qc2 62.Qe3 Qd2 63.Qg3 e3 64.Rc7 Ne5 65.Rxc5 Qe1+ 66.Kh2 exf2 67.Qa3
Qg1+ 0-1

[Event "10th EUR-ch (w)"]
[Site "Sankt Petersburg RUS"]
[Date "2009.03.09"]
[Round "2"]
[White "Azimova, Karina"]
[Black "Kouvatsou, Maria"]
[Result "1-0"]
[WhiteElo "1940"]
[BlackElo "2208"]
[EventDate "2009.03.08"]
[PlyCount "101"]

1.Nf3 Nf6 2.g3 g6 3.Bg2 Bg7 4.d3 d5 5.Nbd2 Nc6 6.e4 e5 7.O-O O-O 8.Re1 d4 
9.Nc4 Nd7 10.c3 Nb6 11.cxd4 Nxc4 12.dxc4 Nxd4 13.Nxd4 exd4 14.e5 c5 15.b4 
cxb4 16.Bd5 Qe7 17.Bb2 Be6 18.Bxd4 Rfd8 19.Qf3 Rd7 20.Rad1 a5 21.Bc5 Bxd5 
22.Bxe7 Bxf3 23.Rxd7 Bc6 24.Rc7 Re8 25.f4 Bf8 26.Bxf8 Kxf8 27.Kf2 Rd8 28.
e6 fxe6 29.Rxe6 Rd2+ 30.Re2 Rd4 31.Rc2 Re4 32.Rxh7 a4 33.Rh8+ Kf7 34.Rd8 
Kf6 35.Rd3 Re8 36.Rb2 b3 37.axb3 axb3 38.Rbxb3 Ra8 39.Ra3 Rh8 40.h4 Kf5 
41.Ra5+ Kf6 42.Rd6+ Kf7 43.f5 gxf5 44.Rxf5+ Ke7 45.Rdf6 Ra8 46.h5 Ra4 47.
h6 Rxc4 48.Rf7+ Ke6 49.R5f6+ Ke5 50.Rf4 Rc2+ 51.Ke1 1-0

[Event "10th EUR-ch (w)"]
[Site "Sankt Petersburg RUS"]
[Date "2009.03.09"]
[Round "2"]
[White "Efremova, Daria"]
[Black "Butuc, Maria"]
[Result "0-1"]
[WhiteElo "1910"]
[BlackElo "2182"]
[EventDate "2009.03.08"]
[PlyCount "100"]

1.e4 e6 2.d3 c5 3.Nf3 Nc6 4.g3 Nge7 5.Bg2 g6 6.O-O Bg7 7.Nc3 O-O 8.Bf4 d6 
9.Qd2 Nd4 10.Nxd4 cxd4 11.Ne2 e5 12.Bh6 Be6 13.Bxg7 Kxg7 14.c3 dxc3 15.
Nxc3 Nc6 16.Ne2 d5 17.Rfd1 d4 18.Rf1 Qd7 19.f4 f6 20.b4 a6 21.Rac1 Rac8 
22.Kh1 h6 23.Ng1 Ne7 24.fxe5 fxe5 25.Rxc8 Qxc8 26.Rc1 Qd7 27.Rc5 Qd6 28.a3
Rc8 29.Rxc8 Bxc8 30.Qc2 Qc6 31.Qxc6 Nxc6 32.Bf3 Na7 33.Bd1 Nb5 34.a4 Nc3 
35.Bb3 Bd7 36.Nf3 Kf6 37.a5 Be6 38.Nd2 Bxb3 39.Nxb3 Na2 40.Nc5 Nxb4 41.Kg2
Ke7 42.Kf3 Kd6 43.Nxb7+ Kc7 44.Nc5 Kc6 45.Nb3 Nxd3 46.Ke2 Nc5 47.Nd2 Kb5 
48.Nf3 Kc4 49.Nxe5+ Kc3 50.Nc6 d3+ 0-1

[Event "10th EUR-ch (w)"]
[Site "Sankt Petersburg RUS"]
[Date "2009.03.09"]
[Round "2"]
[White "Della-Rossa, Anastasia"]
[Black "Mammadova, Gulnar"]
[Result "1/2-1/2"]
[WhiteElo "1868"]
[BlackElo "2175"]
[EventDate "2009.03.08"]
[PlyCount "124"]

1.e4 d6 2.d4 Nf6 3.f3 g6 4.Be3 c6 5.Nd2 Bg7 6.Bd3 Nbd7 7.Ne2 O-O 8.O-O e5 
9.c3 d5 10.Bf2 Nh5 11.exd5 cxd5 12.Qb3 Qg5 13.Qc2 f5 14.dxe5 Bxe5 15.Nb3 
f4 16.Bd4 Re8 17.Rfe1 Ndf6 18.Bxe5 Rxe5 19.Ned4 Bd7 20.Nc5 Rae8 21.Rxe5 
Qxe5 22.Nxd7 Nxd7 23.Bb5 Re7 24.Bxd7 Rxd7 25.Qe2 Qxe2 26.Nxe2 Kf7 27.Kf2 
g5 28.Rd1 Nf6 29.Nd4 h5 30.Re1 Kg6 31.Ne6 Kh6 32.Re5 Nh7 33.h4 gxh4 34.
Nxf4 Nf6 35.Rf5 Rd6 36.Ke3 a5 37.Kd4 Rb6 38.b3 a4 39.bxa4 Ra6 40.Ke5 Nd7+ 
41.Kxd5 Nf6+ 42.Ke5 Nd7+ 43.Kd4 Rxa4+ 44.Ke3 Rxa2 45.Rxh5+ Kg7 46.Rxh4 b5 
47.Rh5 Rb2 48.g4 b4 49.Rg5+ Kh7 50.cxb4 Rxb4 51.Ne6 Nf6 52.Rg7+ Kh8 53.g5 
Ng4+ 54.fxg4 Re4+ 55.Kf3 Rxe6 56.Ra7 Re1 57.Kf4 Rf1+ 58.Ke5 Kg8 59.g6 Rf2 
60.Ke6 Rf4 61.g5 Rf1 62.Ke5 Re1+ 1/2-1/2

[Event "10th EUR-ch (w)"]
[Site "Sankt Petersburg RUS"]
[Date "2009.03.09"]
[Round "2"]
[White "Tskhadadze, Anna"]
[Black "Avdeenko, Tatiana"]
[Result "0-1"]
[WhiteElo "1821"]
[BlackElo "2168"]
[EventDate "2009.03.08"]
[PlyCount "60"]

1.d4 d6 2.c4 e5 3.d5 f5 4.Nc3 Nf6 5.Bg5 Be7 6.Bxf6 Bxf6 7.e4 O-O 8.Bd3 Qe8
9.Nf3 Na6 10.Qe2 Nc5 11.Bc2 Qg6 12.O-O-O a6 13.b4 Nxe4 14.Nxe4 fxe4 15.
Bxe4 Bf5 16.Bxf5 Qxf5 17.Nd2 e4 18.Qxe4 Qxf2 19.Rhf1 Qb6 20.Qb1 Bc3 21.
Rxf8+ Rxf8 22.a3 Qe3 23.Qa2 Rf2 24.Qc2 Rxg2 25.h4 Bxd2+ 26.Rxd2 Qxa3+ 27.
Qb2 Qxb2+ 28.Rxb2 Rxb2 29.Kxb2 h5 30.Kc3 g5 0-1

[Event "10th EUR-ch (w)"]
[Site "Sankt Petersburg RUS"]
[Date "2009.03.09"]
[Round "2"]
[White "Kazimova, Narmin"]
[Black "Khokhlova, Ekaterina"]
[Result "1/2-1/2"]
[WhiteElo "2165"]
[BlackElo "1822"]
[EventDate "2009.03.08"]
[PlyCount "101"]

1.Nf3 d5 2.d4 c6 3.c4 e6 4.Qc2 f5 5.Bf4 Nf6 6.e3 Be7 7.Bd3 Ne4 8.O-O O-O 
9.Ne1 Bd6 10.c5 Bxf4 11.exf4 Qf6 12.Nf3 Qe7 13.Ne5 a5 14.f3 Nf6 15.Nc3 
Nbd7 16.a3 g5 17.Nxd7 Nxd7 18.fxg5 Qxg5 19.Rae1 Qf6 20.Qf2 Kh8 21.Bc2 e5 
22.dxe5 Nxe5 23.Qe2 Ng6 24.Kh1 Bd7 25.Qd2 Rfe8 26.Na4 Rxe1 27.Rxe1 Be6 28.
Nb6 Rg8 29.Bb1 Nh4 30.Re2 Bf7 31.Qf4 Qg5 32.Qxg5 Rxg5 33.Nd7 Bh5 34.Ne5 f4
35.Ng4 Bxg4 36.fxg4 Rxg4 37.Re8+ Kg7 38.Re7+ Kf6 39.Rxh7 Nxg2 40.Rxb7 f3 
41.Kg1 Nh4+ 42.Kf1 Rg2 43.Rb6 Rxh2 44.Rxc6+ Ke5 45.Rh6 Kf4 46.Rh8 Rxb2 47.
Bh7 Ng2 48.Rf8+ Kg3 49.Rg8+ Kf4 50.Rf8+ Kg3 51.Rg8+ 1/2-1/2

[Event "10th EUR-ch (w)"]
[Site "Sankt Petersburg RUS"]
[Date "2009.03.09"]
[Round "2"]
[White "Cherednichenko, Elena"]
[Black "Ovod, Irina"]
[Result "1-0"]
[WhiteElo "2161"]
[BlackElo "1777"]
[EventDate "2009.03.08"]
[PlyCount "97"]

1.d4 Nc6 2.Nf3 e6 3.e3 Nf6 4.Bd3 Be7 5.O-O O-O 6.b3 Nb4 7.Be2 d5 8.a3 Nc6 
9.Bb2 a6 10.Nbd2 h6 11.Bd3 Nh7 12.Ne5 Qe8 13.f4 f5 14.Ndf3 Nxe5 15.Nxe5 
Nf6 16.c4 c6 17.c5 g6 18.b4 Kg7 19.a4 Bd7 20.Qe2 h5 21.Bc3 Ng4 22.Nf3 Nf6 
23.Be1 Ne4 24.Bh4 g5 25.Bxg5 Nxg5 26.fxg5 Rh8 27.h4 Qb8 28.Ne5 Be8 29.Qb2 
Bd8 30.b5 axb5 31.axb5 Bc7 32.Rxa8 Qxa8 33.bxc6 bxc6 34.Ra1 Qb8 35.Qxb8 
Bxb8 36.Nf3 Bd7 37.Kf2 Rc8 38.Rb1 Kf7 39.Be2 Kg6 40.Rb7 Rd8 41.g3 Kg7 42.
Ne1 Kg6 43.Nd3 Be8 44.Bd1 Bf7 45.Nb4 Be8 46.Na6 Bxg3+ 47.Kxg3 Ra8 48.Nc7 
Ra1 49.Nxe8 1-0

[Event "10th EUR-ch (w)"]
[Site "Sankt Petersburg RUS"]
[Date "2009.03.10"]
[Round "3"]
[White "Zayats, Elena"]
[Black "Romanko, Marina"]
[Result "1/2-1/2"]
[WhiteElo "2364"]
[BlackElo "2451"]
[EventDate "2009.03.08"]
[PlyCount "80"]

1.d4 d5 2.Nf3 Nf6 3.g3 c6 4.Bg2 Bf5 5.O-O Nbd7 6.c4 e6 7.Nc3 Be7 8.Nh4 Bg6
9.Nxg6 hxg6 10.e4 dxc4 11.d5 Ne5 12.Qe2 Nd3 13.dxc6 bxc6 14.Bg5 Qa5 15.e5 
Nd5 16.Bd2 Bb4 17.Ne4 O-O 18.b3 Bxd2 19.bxc4 Bc3 20.Nxc3 Qxc3 21.cxd5 cxd5
22.Rfd1 Nb2 23.Rdc1 Qd4 24.Rab1 Rab8 25.Re1 Nc4 26.Rb3 a5 27.h4 a4 28.Rd3 
Qb2 29.Bf1 a3 30.f4 Qxe2 31.Rxe2 Rb2 32.Rxb2 axb2 33.Rb3 Rc8 34.Bxc4 Rxc4 
35.Rxb2 Ra4 36.Kg2 f6 37.Rb8+ Kf7 38.Rb7+ Kf8 39.Rb8+ Kf7 40.Rb7+ Kf8 
1/2-1/2

[Event "10th EUR-ch (w)"]
[Site "Sankt Petersburg RUS"]
[Date "2009.03.10"]
[Round "3"]
[White "Gaponenko, Inna"]
[Black "Gritsaeva, Oksana"]
[Result "0-1"]
[WhiteElo "2450"]
[BlackElo "2341"]
[EventDate "2009.03.08"]
[PlyCount "132"]

1.e4 d5 2.exd5 Nf6 3.Nf3 Nxd5 4.d4 e6 5.c4 Nf6 6.Nc3 Be7 7.g3 b6 8.Bg2 Bb7
9.O-O O-O 10.Qe2 Re8 11.Rd1 Nbd7 12.Bf4 Qc8 13.Rac1 a6 14.Qc2 Bd6 15.Qd2 
Qb8 16.Ne5 Bxg2 17.Kxg2 Qb7+ 18.Kg1 Nf8 19.Qe2 h6 20.a3 Rad8 21.b4 g5 22.
Bd2 c5 23.dxc5 bxc5 24.b5 axb5 25.Nxb5 Be7 26.Re1 N8d7 27.Bc3 Nxe5 28.Qxe5
Rd3 29.Rcd1 Red8 30.Rxd3 Rxd3 31.a4 Kh7 32.a5 Kg6 33.Qe2 Rd8 34.Qc2+ Kg7 
35.Rd1 Rxd1+ 36.Qxd1 Kf8 37.Bxf6 Bxf6 38.Qd6+ Be7 39.Qe5 Kg8 40.h3 Bd8 41.
Qxc5 Bxa5 42.Nd6 Qb5 43.Kg2 Qb8 44.Qc6 Qc7 45.Qa8+ Qd8 46.Qxd8+ Bxd8 47.c5
Kf8 48.Kf3 f5 49.g4 Bc7 50.Nb5 Be5 51.Ke3 Ke7 52.c6 Bh2 53.Kd3 Bg1 54.f3 
Bb6 55.Kc4 Bg1 56.Na3 Kd6 57.Kb5 Kc7 58.Nc2 Bf2 59.Nb4 Bg1 60.Nd3 Bd4 61.
Nc5 Bxc5 62.gxf5 Be7 63.fxe6 Bd6 64.f4 gxf4 65.Kc4 Kxc6 66.Kd4 Kc7 0-1

[Event "10th EUR-ch (w)"]
[Site "Sankt Petersburg RUS"]
[Date "2009.03.10"]
[Round "3"]
[White "Ilyushina, Olga"]
[Black "Melia, Salome"]
[Result "1/2-1/2"]
[WhiteElo "2269"]
[BlackElo "2422"]
[EventDate "2009.03.08"]
[PlyCount "49"]

1.d4 d5 2.c4 e6 3.Nc3 Be7 4.cxd5 exd5 5.Bf4 c6 6.e3 Bf5 7.g4 Be6 8.h3 Nd7 
9.Bg2 Nb6 10.Nge2 Bd6 11.Qc2 Ne7 12.Bxd6 Qxd6 13.Nf4 O-O 14.Nce2 Nc4 15.b3
Na3 16.Qd2 a5 17.O-O a4 18.Nd3 axb3 19.axb3 Nb5 20.f4 f6 21.f5 Rxa1 22.
Rxa1 Bc8 23.Nef4 g6 24.fxg6 hxg6 25.Qd1 1/2-1/2

[Event "10th EUR-ch (w)"]
[Site "Sankt Petersburg RUS"]
[Date "2009.03.10"]
[Round "3"]
[White "Charochkina, Daria"]
[Black "Pogonina, Natalia"]
[Result "1/2-1/2"]
[WhiteElo "2316"]
[BlackElo "2467"]
[EventDate "2009.03.08"]
[PlyCount "84"]

1.d4 Nf6 2.c4 c5 3.d5 b5 4.cxb5 a6 5.e3 g6 6.Nc3 Bg7 7.Nf3 O-O 8.a4 d6 9.
Ra3 e6 10.Bc4 axb5 11.axb5 Rxa3 12.bxa3 Nxd5 13.Nxd5 exd5 14.Bxd5 Qa5+ 15.
Nd2 Qxb5 16.Nc4 Ba6 17.O-O Nd7 18.Re1 Nf6 19.Nxd6 Qb6 20.Nc4 Qa7 21.e4 
Nxd5 22.Qxd5 Bc3 23.Rd1 Bd4 24.e5 Qa8 25.Nb6 Qxd5 26.Nxd5 Bxe5 27.Be3 c4 
28.Bc5 Rb8 29.Nb4 Bb5 30.Be3 Bb2 31.Bc1 c3 32.h3 Ba4 33.Rf1 Rd8 34.Na2 Bb3
35.Nb4 Bd1 36.Bg5 Rd6 37.Be7 Re6 38.Rxd1 Rxe7 39.Kf1 Bxa3 40.Nd5 c2 41.
Nxe7+ Kf8 42.Re1 c1=Q 1/2-1/2

[Event "10th EUR-ch (w)"]
[Site "Sankt Petersburg RUS"]
[Date "2009.03.10"]
[Round "3"]
[White "Pahtz, Elisabeth"]
[Black "Tomilova, Elena"]
[Result "1/2-1/2"]
[WhiteElo "2455"]
[BlackElo "2300"]
[EventDate "2009.03.08"]
[PlyCount "121"]

1.e4 c5 2.Nf3 d6 3.d4 cxd4 4.Nxd4 Nf6 5.Nc3 Nc6 6.Bc4 e6 7.Be3 Be7 8.Bb3 
O-O 9.Qe2 a6 10.f4 Qe8 11.O-O b5 12.f5 Nxd4 13.Bxd4 b4 14.Nb1 e5 15.Bf2 
Bb7 16.Nd2 Qc6 17.Bh4 Rac8 18.Kh1 Rc7 19.Bxf6 Bxf6 20.Qg4 Qc5 21.Rad1 a5 
22.Rfe1 Qa7 23.Bc4 Rd8 24.b3 Qa8 25.Nf1 d5 26.exd5 Bxd5 27.Ne3 Bxc4 28.
Nxc4 Rxd1 29.Rxd1 e4 30.Nb6 Qc6 31.Nd5 Rc8 32.Nxf6+ Qxf6 33.Qxe4 h6 34.h3 
Qc3 35.Rd5 Qa1+ 36.Kh2 Qxa2 37.f6 g6 38.Rc5 Rf8 39.Rc7 g5 40.h4 Qa1 41.
hxg5 Qd1 42.Rc5 Qh5+ 43.Kg3 hxg5 44.Rxa5 Qh4+ 45.Qxh4 gxh4+ 46.Kxh4 Rc8 
47.Rb5 Rxc2 48.Rxb4 Kh7 49.Rg4 Rb2 50.Rg7+ Kh6 51.g4 Rh2+ 52.Kg3 Rg2+ 53.
Kf4 Rf2+ 54.Ke5 Re2+ 55.Kd6 Rd2+ 56.Ke7 Rd7+ 57.Ke8 Rd8+ 58.Kxf7 Rd7+ 59.
Ke6 Rd6+ 60.Ke5 Rd5+ 61.Kxd5 1/2-1/2